| 000 | 00424nam a2200169Ia 4500 | ||
|---|---|---|---|
| 003 | GCL | ||
| 008 | 140319s9999 xx 000 0 ara d | ||
| 040 |
_aGCL / _cGCL |
||
| 082 | 0 | 4 |
_a523.1 _bد هـ |
| 245 | 1 | 0 | _aهل نحن وحيدون فى العالم? |
| 300 | _a157 ص | ||
| 490 | _a | ||
| 650 | 0 | 4 | _aالفضاء |
| 650 | 0 | 4 | _aرحلات الفضاء |
| 650 | 0 | 4 | _aالاحياء الفضائية |
| 942 |
_2ddc _cBK |
||
| 999 |
_c38050 _d38050 |
||